| 000 | 00633nam a2200193 i 4500 | ||
|---|---|---|---|
| 001 | 98089 | ||
| 003 | ES-MaACL | ||
| 005 | 20250806085409.0 | ||
| 007 | t| | ||
| 008 | 050722s1943 ag ||||1| spa d | ||
| 100 | 1 |
_aMarkowitz, J. _976923 |
|
| 245 | 1 | 0 |
_aCirugía experimental / _cpor el Prof. J. Markowitz ; versión española por el Dr. Manuel Bastos Ansart. |
| 260 |
_aBuenos Aires : _bLabor Argentina, _c1943. |
||
| 300 |
_aXV, 557 p., 1 lám. : _bil. ; _c23 cm. |
||
| 650 | 7 |
_aCirugía _2embne _911050 |
|
| 700 | 1 |
_aBastos Ansart, Manuel, _d1887-1973 _926381 |
|
| 852 | 4 |
_aES-MaACL _jC-5895 |
|
| 999 |
_c98089 _d98089 |
||